000 00999nam a2200265 c 4500
001 190467
003 ES-MaACL
005 20240111182031.0
008 210405s2011 sp a 001 0 spa
020 _a978-84-95919-78-6
080 _a726.71(460.27 San Lorenzo)"15"
080 _a615.322(460.27 San Lorenzo)
100 1 _aCorral, Maribel (
_d1945-)
_9171217
245 1 3 _aLa botica de Felipe II y las plantas medicinales de El Escorial /
_cMaribel Corral.
250 _a1ª ed.
260 _aSan Lorenzo de El Escorial, Madrid :
_bCreación,
_c2011.
300 _a180 p. :
_bil. ;
_c22 cm.
504 _aBibliografía: p. 179-180.
610 2 7 _aMonasterio de El Escorial.
_bBotica Real-
_vHistoria.
_9171218
650 7 _aPlantas medicinales-
_zSan Lorenzo de El Escorial.
_9171219
852 4 _aES-MaACL
_jA-14668
_9197644
_bR.152215
_cDEPO1
_dOlim: N-7668
_hDonación: José Lázaro
903 _9234219
_aLázaro García, José
_ednr
942 _2udc
_cMONOGRAFIA
999 _c190467
_d190467